000 00801nam a22001935i 4500
001 168984
003 ES-MaACL
005 20250809063535.0
008 080711s1998 sp |||| | spa d
080 _a325.2-055.2(460.33)
100 1 _aVilar, Juan Bautista,
_d1941-2018
_9114797
245 1 3 _aLa mujer magrebí en la región de Murcia /
_cJuan B. Vilar.
260 _aMurcia :
_bUniversidad de Murcia, Departamento de Historia Moderna, Contemporánea y de América,
_c[1998]
300 _aP. [11]-14 ;
_c24 cm.
595 _aSeparata de: Anales de Historia Contemporánea, nº 13 (1997)
650 1 4 _aMujeres magrebíes-
_zMurcia (Comunidad Autónoma)
_9138097
852 _aES-MaACL
_j2232-F-21
_9R.143811
_z.-: An. ms. : Ded. del autor al Ateneo de Madrid
999 _c168984
_d168984